Normal view MARC view

Entry Nombre personal

Number of records used in: 65

001 - NÚMERO DE CONTROL

  • campo de control: 62844

003 - IDENTIFICADOR DE NÚMERO DE CONTROL

  • campo de control: SpMaBN

005 - FECHA Y HORA DE LA ÚLTIMA TRANSACCIÓN

  • campo de control: 20231204173243.0

008 - ELEMENTOS DE DATO DE LONGITUD-FIJA

  • campo de control de longitud fija: 901120nn aijnnaabn a aaa

016 ## - NÚMERO DE CONTROL DE UNA AGENCIA BIBLIOGRÁFICA NACIONAL

  • Número de control del registro: BNE19900091101

024 7# - IDENTIFICADOR DE OTROS ESTÁNDARES

  • Número estándar o código: http://viaf.org/viaf/64032485/
  • Fuente: viaf

024 8# - IDENTIFICADOR DE OTROS ESTÁNDARES

  • Número estándar o código: https://data.cervantesvirtual.com/person/4432

024 7# - IDENTIFICADOR DE OTROS ESTÁNDARES

  • Número estándar o código: https://isni.org/isni/0000000123209059
  • Fuente: isni

024 7# - IDENTIFICADOR DE OTROS ESTÁNDARES

  • Número estándar o código: http://www.wikidata.org/entity/Q332088
  • Fuente: wikidata

040 ## - FUENTE DE CATALOGACIÓN

  • Centro catalogador/agencia de origen: SpMaBN
  • Lengua de catalogación: spa
  • Centro/agencia transcriptor: SpMaBN
  • Normas de descripción: rdc
  • Convención/Normas de encabezamiento de materia/tesauro: embne

046 ## - FECHAS CON CODIFICACIÓN ESPECIAL

  • Fecha de nacimiento: 1910
  • Fecha de la muerte: 1942

100 1# - ENCABEZAMIENTO-NOMBRE DE PERSONA

  • Nombre de persona: Hernández, Miguel,
  • Fechas asociadas al nombre: 1910-1942

370 ## - LUGAR ASOCIADO

  • Lugar de nacimiento: España, Comunidad Valenciana, Alicante (Provincia), Orihuela

370 ## - LUGAR ASOCIADO

  • Lugar de fallecimiento: España, Comunidad Valenciana, Alicante (Provincia), Alicante

372 ## - CAMPO DE ACTIVIDAD

  • Campo de actividad: Teatro
  • Campo de actividad: Poesía

373 ## - GRUPO ASOCIADO

  • Grupo asociado: Generación del 27

373 ## - GRUPO ASOCIADO

  • Grupo asociado: Ateneo de Madrid
  • Fuente de información: Ateneo de Madrid: memoria 1962-1967

374 ## - OCUPACIÓN

  • Ocupación: Escritores
  • Ocupación: Dramaturgos
  • Ocupación: Poetas

375 ## - GÉNERO/SEXO

  • Género: Masculino

377 ## - IDIOMA ASOCIADO

  • Término de lengua/lenguaje: Catalán
  • Término de lengua/lenguaje: Español

400 1# - TRAZADO DE VÉASE--NOMBRE DE PERSONA

  • Nombre de persona: Hernández Gilabert, Miguel Domingo,
  • Fechas asociadas al nombre: 1910-1942

400 1# - TRAZADO DE VÉASE--NOMBRE DE PERSONA

  • Nombre de persona: Hernández Giner, Miguel,
  • Fechas asociadas al nombre: 1910-1942

400 1# - TRAZADO DE VÉASE--NOMBRE DE PERSONA

  • Nombre de persona: Hernández, Miquel,
  • Fechas asociadas al nombre: 1910-1942

670 ## - FUENTE DE DATOS ENCONTRADOS

  • Cita de la fuente: El rayo que no cesa, 1988
  • Información encontrada: port. (Miguel Hernández)

670 ## - FUENTE DE DATOS ENCONTRADOS

  • Cita de la fuente: Dic. enc. Espasa
  • Información encontrada: (Hernández Gilabert, Miguel Domingo; poeta; n. en Orihuela, 1910, m. en Alicante, 1942)

670 ## - FUENTE DE DATOS ENCONTRADOS

  • Cita de la fuente: Dic. de literatura española e hispanoamericana, 1993
  • Información encontrada: (Hernández, Miguel (Orihuela, Alicante, 1910-Alicante, 1942); autor de poesía, teatro y prosa)

670 ## - FUENTE DE DATOS ENCONTRADOS

  • Cita de la fuente: Perito en lunas, 1933
  • Información encontrada: port. (Miguel Hernández Giner)

670 ## - FUENTE DE DATOS ENCONTRADOS

  • Cita de la fuente: Antonio Gades "viento del pueblo", 2012
  • Información encontrada: v. port. (Miquel Hernández)

670 ## - FUENTE DE DATOS ENCONTRADOS

  • Cita de la fuente: WWW BN España aut., 11/07/2023
  • Información encontrada: (Hernández, Miguel, 1910-1942)

678 ## - DATOS BIOGRÁFICOS O HISTÓRICOS

  • Datos biográficos o históricos: Socio del Ateneo de Madrid
  • Ampliación de la nota: Fuente: Ateneo de Madrid: memoria 1962-1967